Minor Civil Divisions (Townships) of Pennsylvania With a Map - Statistics

General Stats
  • This quiz has been taken 1,839 times
  • The average score is 304 of 2572
Answers on the Map
Answers color-coded by a green-red scale on the quiz's map according to % correct below.
 
Answer Stats
County MCD % Correct
Philadelphia Philadelphia
87%
Allegheny Pittsburgh
80%
Erie Erie
79%
Huntingdon West
78%
Centre Harris
73%
Armstrong | Berks | Butler | +20 others Washington
72%
Dauphin Harrisburg
68%
Butler | Lancaster Lancaster
68%
Northampton Allen
67%
Lackawanna Scranton
66%
Cambria | Clearfield Chest
65%
York York
65%
Butler | Cambria | Snyder Adams
63%
Lehigh Allentown
63%
Delaware Chester
63%
Berks | Butler | Dauphin | +7 others Jefferson
63%
Bedford | Bradford | Clarion | +4 others Monroe
62%
Forest | Indiana Green
58%
Adams | Beaver | Bradford | +15 others Franklin
57%
Dauphin Reed
57%
Adams | Berks Reading
56%
Lehigh | Northampton Bethlehem
54%
Berks | Butler | Centre | +10 others Penn
54%
Luzerne Wilkes-Barre
53%
Juniata | Mercer | Northumberland | Pike Delaware
52%
Armstrong | Clarion | Columbia | +2 others Madison
52%
Centre State College
52%
Luzerne Buck
51%
Berks | Centre | Crawford | +2 others Spring
51%
Allegheny | Bedford | Huntingdon | Somerset Lincoln
49%
Adams | Berks | Centre | +15 others Union
49%
Dauphin | Northampton Williams
49%
Butler | Cambria | Columbia | +15 others Jackson
48%
Bedford King
47%
Blair Altoona
46%
Adams | Butler | Luzerne | Schuylkill Butler
46%
Juniata Lack
46%
Lebanon | Wayne Lebanon
46%
Armstrong | Clinton | Crawford | +6 others Wayne
46%
Beaver | Clarion | Columbia | +3 others Beaver
45%
Northampton Easton
45%
Allegheny | Indiana Indiana
45%
Chester West Chester
45%
Butler | Lycoming | Venango | +2 others Clinton
44%
Adams Gettysburg
44%
Bucks | Northampton | Somerset Northampton
44%
Blair | Butler | Cambria | +3 others Allegheny
43%
Franklin | Indiana | Lycoming | Montgomery Montgomery
43%
Somerset | Washington Somerset
43%
Bradford | Bucks | Delaware | +6 others Springfield
43%
Cambria | Dauphin | Juniata | Lycoming Susquehanna
43%
Bradford | Franklin | Warren Warren
43%
Clearfield | McKean Bradford
42%
Huntingdon Carbon
42%
Chester | Clarion | Tioga | Warren Elk
42%
Carbon | Northampton | Wayne Lehigh
42%
Beaver | Cambria | Indiana White
41%
Bedford Bedford
39%
Berks | Bradford | Clearfield | Potter Pike
39%
Luzerne Wyoming
38%
Clarion Clarion
37%
Warren Mead
37%
Columbia | Dauphin | Juniata | Lycoming Mifflin
37%
Bradford | Lancaster Columbia
36%
Adams | Greene Cumberland
36%
Clearfield | Tioga Lawrence
36%
Butler | Mercer Mercer
36%
Allegheny Ohio
36%
Beaver | Centre Potter
36%
Adams | Luzerne Huntington
35%
Cambria Johnstown
35%
Armstrong | Berks | Clarion | +6 others Perry
35%
Berks | Perry Centre
34%
Dauphin Dauphin
34%
Juniata Fayette
34%
Allegheny | Bedford | Potter Harrison
34%
Bedford | Blair | Huntingdon | Perry Juniata
34%
Tioga Tioga
34%
Lycoming Williamsport
34%
Blair Blair
33%
Bucks Bristol
33%
Butler | Cambria | Clearfield Clearfield
33%
Lancaster Fulton
33%
Armstrong | Berks | Delaware | +2 others Bethel
32%
Beaver | Clinton | Erie | +4 others Greene
32%
Adams | Franklin | McKean | +2 others Hamilton
32%
Fayette | Luzerne Luzerne
32%
Lycoming Lycoming
32%
Montgomery Norristown
32%
Montgomery Pottstown
32%
Chester | Schuylkill Schuylkill
32%
Blair | Jefferson Snyder
32%
Tioga Sullivan
32%
Indiana | Lycoming Armstrong
31%
Clinton Crawford
31%
Beaver | Lehigh | Luzerne | +3 others Hanover
31%
Luzerne | Mercer | Wayne Lake
31%
Lycoming | Northumberland | Union Lewis
31%
Erie McKean
31%
Butler | Crawford | Erie Venango
31%
Cambria Cambria
30%
Cumberland Carlisle
30%
Bucks Doylestown
30%
Columbia Montour
30%
Clearfield | Greene | Huntingdon | +2 others Morris
30%
Northumberland Northumberland
30%
Monroe Stroud
30%
Bedford | Cumberland | Franklin | Somerset Southampton
29%
Monroe Stroudsburg
28%
Blair | Centre | Fulton | +2 others Taylor
28%
Clearfield | Jefferson | Westmoreland Bell
27%
Somerset Black
27%
Lycoming | Mifflin Brown
27%
Northumberland Coal
27%
Indiana Grant
27%
Bucks | Delaware Newtown
27%
Jefferson | Monroe | Venango Polk
27%
Schuylkill Pottsville
27%
Delaware Upper Darby
27%
Cambria Barr
26%
Beaver | Butler | Greene | +2 others Center
26%
Franklin Chambersburg
26%
Luzerne Hazleton
26%
Huntingdon Huntingdon
26%
McKean Lafayette
26%
Wayne | York Manchester
26%
Cumberland Mechanicsburg
26%
Bucks | Dauphin | Delaware | Susquehanna Middletown
26%
Adams | Chester Oxford
26%
Greene Richhill
26%
Somerset Central City
25%
Warren Columbus
25%
Monroe East Stroudsburg
25%
Carbon Jim Thorpe
25%
Lawrence | Schuylkill New Castle
25%
Bucks New Hope
25%
Luzerne | Montgomery Plymouth
25%
Huntingdon Wood
25%
Clearfield Bloom
24%
Mercer Clark
24%
Delaware Darby
24%
Bucks | Fulton | Huntingdon Dublin
24%
Lancaster Eden
24%
Armstrong | Chester | Montour Valley
24%
Bucks Bensalem
23%
Somerset | Wayne Berlin
23%
Centre College
23%
Allegheny Hampton
23%
Bucks | Juniata | Pike | Somerset Milford
23%
Huntingdon | Perry Miller
23%
Northampton Nazareth
23%
Crawford Cambridge
22%
Allegheny | Lancaster Elizabeth
22%
Delaware Media
22%
Lackawanna Newton
22%
Monroe Pocono
22%
Bucks Quakertown
22%
Washington Smith
22%
Adams | Allegheny | Bedford | +6 others Liberty
21%
Montgomery Lower Merion
21%
Beaver | Berks | Butler | Centre Marion
21%
Allegheny | Venango Plum
21%
Clarion | Luzerne | Mercer | +2 others Salem
21%
Northampton Wilson
21%
Montgomery Abington
20%
Westmoreland Greensburg
20%
Delaware Haverford
20%
Luzerne Hazle
20%
Mercer Jamestown
20%
Butler Mars
20%
Allegheny McKeesport
20%
Venango Oil City
20%
Berks Wyomissing
20%
Columbia Bloomsburg
19%
Bucks | Wayne Buckingham
19%
Columbia Centralia
19%
Butler | Huntingdon | Lancaster Clay
19%
Butler | Delaware | Erie Concord
19%
Luzerne Dallas
19%
Dauphin | Mifflin | Montour | Westmoreland Derry
19%
York Dover
19%
Fayette Henry Clay
19%
Elk Jones
19%
Bedford | Chester | Dauphin Londonderry
19%
Allegheny Monroeville
19%
Allegheny | Armstrong | Clearfield | +5 others Pine
19%
Delaware Radnor
19%
Montgomery Upper Merion
19%
Chester | Huntingdon Birmingham
18%
Butler | Perry | Union | Washington Buffalo
18%
Tioga Charleston
18%
Columbia Cleveland
18%
Bucks | Wyoming Falls
18%
Allegheny Moon
18%
Columbia Orange
18%
Mercer | Potter Sharon
18%
Cameron | Tioga Shippen
18%
Lackawanna Carbondale
17%
Cambria Dean
17%
Fayette German
17%
Mercer | Somerset Greenville
17%
Cameron Grove
17%
Berks Hamburg
17%
Luzerne Kingston
17%
Chester Phoenixville
17%
Franklin Quincy
17%
Allegheny | Bucks | Cambria | +3 others Richland
17%
Elk St. Marys
17%
Fayette Uniontown
17%
Allegheny Wall
17%
Bradford | Crawford Athens
16%
Allegheny Bethel Park
16%
Washington California
16%
Montgomery Cheltenham
16%
Montgomery Conshohocken
16%
Clearfield | Montour Cooper
16%
Clearfield DuBois
16%
Beaver Georgetown
16%
Montgomery Lansdale
16%
Erie North East
16%
Bradford | Crawford Rome
16%
Cumberland | Franklin Shippensburg
16%
Beaver Beaver Falls
15%
Allegheny Braddock
15%
Chester Coatesville
15%
Butler | Venango Cranberry
15%
Chester Downingtown
15%
Bucks Durham
15%
Lancaster Ephrata
15%
Berks | Luzerne | Wyoming Exeter
15%
Allegheny Kennedy
15%
Chester Kennett
15%
Union Lewisburg
15%
Perry Liverpool
15%
Crawford Meadville
15%
Greene Morgan
15%
Luzerne | Perry Newport
15%
Butler | Susquehanna | Venango Oakland
15%
Jefferson Rose
15%
Allegheny | Lehigh Whitehall
15%
Montgomery Worcester
15%
Bucks Yardley
15%
Indiana | Jefferson Young
15%
Adams | Crawford | Lycoming | Westmoreland Fairfield
14%
Chester Kennett Square
14%
Clarion | Clearfield | Jefferson Knox
14%
Lancaster Lititz
14%
Allegheny Marshall
14%
Northumberland Milton
14%
Bucks Morrisville
14%
Franklin | Washington Peters
14%
Northampton Portland
14%
Jefferson Punxsutawney
14%
Allegheny | Columbia | Lackawanna | +2 others Scott
14%
Bucks | Delaware Tinicum
14%
Bucks | York Warrington
14%
Bucks | Chester | Lancaster Warwick
14%
Luzerne Wright
14%
Clinton Bald Eagle
13%
Centre Bellefonte
13%
Montgomery Bridgeport
13%
Beaver Brighton
13%
Lebanon Cornwall
13%
Montour Danville
13%
Elk | Sullivan Fox
13%
Montgomery Horsham
13%
Montgomery Jenkintown
13%
Lycoming Jersey Shore
13%
Berks Kutztown
13%
Westmoreland Latrobe
13%
Clinton Lock Haven
13%
Chester Malvern
13%
Allegheny McKees Rocks
13%
Butler | Cumberland Middlesex
13%
Greene | Washington Monongahela
13%
Adams | Columbia | Washington | +2 others Mount Pleasant
13%
Berks | Crawford | Tioga Richmond
13%
Allegheny | Luzerne | Monroe Ross
13%
Delaware Swarthmore
13%
Franklin Waynesboro
13%
Bradford Alba
12%
Clarion | Columbia | Schuylkill Ashland
12%
Northampton Bangor
12%
Bradford Burlington
12%
Chester Charlestown
12%
Lehigh Emmaus
12%
Butler | Erie | Luzerne | +2 others Fairview
12%
Adams | Beaver | Blair Freedom
12%
Adams | Chester | Clarion | Elk Highland
12%
Bucks Langhorne
12%
Mifflin Lewistown
12%
Montgomery Limerick
12%
Tioga Mansfield
12%
Clarion | Erie | Lebanon Millcreek
12%
Huntingdon | Lycoming | Mercer Mill Creek
12%
Lancaster Millersville
12%
Northampton Moore
12%
Chester New London
12%
Washington Nottingham
12%
Northampton Palmer
12%
Armstrong | Butler Parker
12%
Allegheny Penn Hills
12%
Lancaster Providence
12%
Beaver Rochester
12%
Lancaster | Lehigh | Somerset Salisbury
12%
Crawford Titusville
12%
Bucks Warminster
12%
Erie Waterford
12%
Bradford | Fulton Wells
12%
Blair Williamsburg
12%
Berks | Bradford Albany
11%
Beaver Aliquippa
11%
Delaware Aston
11%
Cumberland Camp Hill
11%
Delaware Chadds Ford
11%
Butler | Sullivan Cherry
11%
Lackawanna Clifton
11%
Montgomery Collegeville
11%
Erie Corry
11%
Cambria Dale
11%
Erie Edinboro
11%
Lancaster Elizabethtown
11%
Beaver Glasgow
11%
Montgomery Hatboro
11%
Blair Hollidaysburg
11%
Blair | Clinton | Huntingdon Logan
11%
Montgomery Narberth
11%
McKean Norwich
11%
Lebanon | Pike | Wayne Palmyra
11%
Luzerne Pittston
11%
Clarion | Clinton | Huntingdon | +4 others Porter
11%
Delaware Ridley
11%
Warren Sheffield
11%
Butler | Lawrence Slippery Rock
11%
Lancaster Strasburg
11%
Allegheny Wilkins
11%
Lawrence | Mercer Wilmington
11%
Berks | York Windsor
11%
Westmoreland Youngstown
11%
Northampton Bath
10%
Fulton Belfast
10%
Columbia | Lackawanna Benton
10%
Adams | Columbia Berwick
10%
Bradford | Washington Canton
10%
Perry | Washington | York Carroll
10%
Westmoreland Cook
10%
Sullivan Davidson
10%
Blair | Erie | Lackawanna Greenfield
10%
Mercer Grove City
10%
Montgomery Hatfield
10%
Allegheny | Berks | Lebanon | +2 others Heidelberg
10%
Wayne Honesdale
10%
Washington Houston
10%
Beaver | Washington Independence
10%
Elk Jay
10%
Armstrong Kittanning
10%
Lehigh Macungie
10%
Armstrong | Carbon | Lawrence | Montour Mahoning
10%
Lancaster | York Manheim
10%
Delaware Marple
10%
Delaware Morton
10%
Lackawanna Moscow
10%
Adams | Lancaster Mount Joy
10%
Allegheny Mount Lebanon
10%
Monroe Mount Pocono
10%
Bucks Perkasie
10%
Northumberland Riverside
10%
Montgomery Royersford
10%
Centre | Dauphin | Northumberland | +2 others Rush
10%
Northumberland Shamokin
10%
Northumberland Sunbury
10%
Chester Tredyffrin
10%
Montgomery Upper Dublin
10%
Crawford Vernon
10%
Allegheny West Mifflin
10%
Montgomery Ambler
9%
Fayette Brownsville
9%
Montgomery Bryn Athyn
9%
Allegheny Carnegie
9%
Lancaster Denver
9%
Cumberland Dickinson
9%
Allegheny Duquesne
9%
Montgomery East Norriton
9%
Chester Easttown
9%
Cambria Ebensburg
9%
Greene Gray
9%
Dauphin Halifax
9%
Cumberland Hampden
9%
Mercer | Westmoreland Hempfield
9%
Centre Howard
9%
Lehigh Lower Macungie
9%
Bucks Lower Makefield
9%
Delaware Marcus Hook
9%
Lackawanna Moosic
9%
Berks Muhlenberg
9%
Westmoreland Murrysville
9%
Luzerne Nanticoke
9%
Bucks New Britain
9%
Westmoreland New Kensington
9%
Lancaster | Monroe | York Paradise
9%
Armstrong Parks
9%
Somerset Shanksville
9%
Bucks Solebury
9%
Montgomery Souderton
9%
Schuylkill | Westmoreland St. Clair
9%
Butler | Crawford | Erie | +2 others Summit
9%
Bucks Tullytown
9%
Adams | Blair | Perry Tyrone
9%
Erie Union City
9%
Lehigh Upper Macungie
9%
Bucks Upper Makefield
9%
Delaware | Montgomery Upper Providence
9%
Centre | Huntingdon | Juniata | Schuylkill Walker
9%
Chester Wallace
9%
Montgomery West Conshohocken
9%
Montgomery West Norriton
9%
Berks West Reading
9%
Montgomery Whitemarsh
9%
Allegheny Wilkinsburg
9%
Dauphin Williamstown
9%
Huntingdon Alexandria
8%
Potter Allegany
8%
Berks | Erie Amity
8%
Schuylkill | Susquehanna Auburn
8%
Potter Austin
8%
Allegheny Baldwin
8%
Lancaster Bart
8%
Bucks Bedminster
8%
Berks Bern
8%
Bucks Bridgeton
8%
Jefferson Brookville
8%
Bucks Chalfont
8%
Crawford | Erie Conneaut
8%
Potter Coudersport
8%
Armstrong Dayton
8%
Tioga | Warren Deerfield
8%
Lackawanna Dunmore
8%
Carbon East Penn
8%
Clearfield | Erie Girard
8%
Indiana Glen Campbell
8%
Berks Greenwich
8%
Erie Harborcreek
8%
Huntingdon | Jefferson Henderson
8%
Mercer Hermitage
8%
Beaver | Bedford | Cumberland | +3 others Hopewell
8%
Westmoreland Jeannette
8%
Delaware Lansdowne
8%
Carbon Lehighton
8%
Delaware Lower Chichester
8%
Montgomery Lower Moreland
8%
Northampton Lower Saucon
8%
Bucks Lower Southampton
8%
Lehigh Lynn
8%
Columbia Main
8%
Armstrong | Lancaster | Westmoreland Manor
8%
Perry Marysville
8%
Allegheny McCandless
8%
Allegheny | Washington McDonald
8%
Westmoreland Monessen
8%
Fayette Ohiopyle
8%
Beaver Patterson
8%
Chester Pennsbury
8%
Bucks Plumstead
8%
Elk Ridgway
8%
Berks | Venango Rockland
8%
Allegheny | Westmoreland Sewickley
8%
Allegheny Shaler
8%
Crawford Sparta
8%
Fayette Stewart
8%
Bucks | Montgomery Telford
8%
Fulton | Susquehanna Thompson
8%
Delaware Upper Chichester
8%
Lehigh Upper Saucon
8%
Greene Waynesburg
8%
Tioga Westfield
8%
Chester Westtown
8%
York West York
8%
Delaware Yeadon
8%
Berks | Lancaster Adamstown
7%
Erie Albion
7%
Lebanon Annville
7%
Allegheny Bellevue
7%
Chester Caln
7%
Crawford | Washington Centerville
7%
Tioga Chatham
7%
Lancaster Conestoga
7%
Monroe Delaware Water Gap
7%
Berks | Montgomery Douglass
7%
Tioga Duncan
7%
Berks | Lancaster Earl
7%
Lancaster East Earl
7%
Chester East Goshen
7%
Dauphin | Lebanon East Hanover
7%
Wyoming Eaton
7%
Schuylkill Frackville
7%
Greene Greensboro
7%
Bucks Langhorne Manor
7%
Westmoreland Ligonier
7%
Dauphin Lower Paxton
7%
Montgomery Lower Providence
7%
Montgomery Marlborough
7%
Pike Matamoras
7%
Beaver Midland
7%
Dauphin Millersburg
7%
Montgomery New Hanover
7%
Bucks Nockamixon
7%
Lehigh North Whitehall
7%
Delaware Norwood
7%
Allegheny Oakmont
7%
Lackawanna Old Forge
7%
Northampton Pen Argyl
7%
Bucks Penndel
7%
Montgomery Perkiomen
7%
Northampton Plainfield
7%
Warren Pleasant
7%
Cambria | Cameron | Potter Portage
7%
Beaver | Lawrence Pulaski
7%
York Red Lion
7%
Delaware Ridley Park
7%
Allegheny | Washington Robinson
7%
Chester | Crawford | Lancaster Sadsbury
7%
Montgomery Salford
7%
Bradford Sayre
7%
Snyder Selinsgrove
7%
Delaware Sharon Hill
7%
Bradford | Fayette | Huntingdon | Monroe Smithfield
7%
Warren Southwest
7%
Lehigh South Whitehall
7%
Dauphin Steelton
7%
Monroe | Wyoming Tunkhannock
7%
Centre Unionville
7%
Montgomery Upper Moreland
7%
Bucks Upper Southampton
7%
Jefferson Warsaw
7%
Chester West Goshen
7%
Schuylkill West Penn
7%
Chester West Whiteland
7%
Bucks Wrightstown
7%
Lancaster Akron
6%
Delaware Aldan
6%
Beaver Ambridge
6%
Westmoreland Arnold
6%
Potter Bingham
6%
Perry Blain
6%
Bedford | Crawford | Perry Bloomfield
6%
Tioga Brookfield
6%
Washington Charleroi
6%
Delaware Chester Heights
6%
Allegheny Clairton
6%
Lehigh Coopersburg
6%
Clearfield | Lackawanna | Tioga Covington
6%
Wayne Damascus
6%
Lackawanna Dickson City
6%
Butler | Washington | Westmoreland Donegal
6%
Chester East Bradford
6%
Chester East Caln
6%
Chester East Whiteland
6%
Delaware Eddystone
6%
Beaver | Lawrence Ellwood City
6%
Cameron Emporium
6%
Clarion | Tioga | Warren Farmington
6%
Allegheny Findlay
6%
Northampton | Sullivan Forks
6%
Allegheny Fox Chapel
6%
Montgomery Franconia
6%
Cameron | Susquehanna Gibson
6%
Clearfield Goshen
6%
Beaver | Butler | Forest | Susquehanna Harmony
6%
Bucks Haycock
6%
Northampton Hellertown
6%
Berks Hereford
6%
Bucks Hilltown
6%
Potter Homer
6%
Allegheny Homestead
6%
Chester Honey Brook
6%
Forest | Perry Howe
6%
Dauphin Hummelstown
6%
Lebanon Jonestown
6%
McKean Kane
6%
Tioga Knoxville
6%
Erie Lake City
6%
Erie Lawrence Park
6%
Tioga Lawrenceville
6%
Cumberland Lower Allen
6%
Montgomery Lower Gwynedd
6%
Lehigh Lower Milford
6%
Montgomery Lower Pottsgrove
6%
Lancaster Marietta
6%
Blair Martinsburg
6%
Lackawanna Mayfield
6%
Fulton McConnellsburg
6%
Union Mifflinburg
6%
Juniata Mifflintown
6%
Lycoming Montoursville
6%
Lycoming Moreland
6%
Allegheny Munhall
6%
Tioga Nelson
6%
Delaware Nether Providence
6%
Beaver New Brighton
6%
Westmoreland New Stanton
6%
Montgomery North Wales
6%
York North York
6%
Carbon Palmerton
6%
Montgomery Pennsburg
6%
Huntingdon Petersburg
6%
Warren Pittsfield
6%
Wayne Preston
6%
Butler Prospect
6%
Tioga Putnam
6%
Crawford Randolph
6%
Bucks Riegelsville
6%
Tioga Rutland
6%
Clearfield Sandy
6%
Schuylkill Shenandoah
6%
Lycoming | Sullivan | York Shrewsbury
6%
Montgomery Skippack
6%
Allegheny South Park
6%
Chester Spring City
6%
Allegheny Springdale
6%
Bradford Stevens
6%
Allegheny Swissvale
6%
Schuylkill Tamaqua
6%
Chester | Delaware Thornbury
6%
Forest Tionesta
6%
Clarion Toby
6%
Monroe Tobyhanna
6%
Bradford Towanda
6%
Delaware Trainer
6%
Bradford | Crawford Troy
6%
Cumberland Upper Allen
6%
Montgomery Upper Gwynedd
6%
Lehigh Upper Milford
6%
Dauphin Upper Paxton
6%
Montgomery Upper Pottsgrove
6%
Allegheny Upper St. Clair
6%
Chester Uwchlan
6%
Perry Watts
6%
Tioga Wellsboro
6%
Dauphin West Hanover
6%
Montgomery Whitpain
6%
Bedford | Blair Woodbury
6%
Butler | Centre | Mercer Worth
6%
Allegheny Avalon
5%
Chester Avondale
5%
Somerset Benson
5%
Beaver Big Beaver
5%
Berks Birdsboro
5%
Indiana Blairsville
5%
Berks Boyertown
5%
Beaver | Susquehanna Bridgewater
5%
Delaware Brookhaven
5%
Susquehanna Brooklyn
5%
Northampton Bushkill
5%
Crawford Cambridge Springs
5%
Washington Canonsburg
5%
Huntingdon | Schuylkill Cass
5%
Allegheny Castle Shannon
5%
Monroe Chestnuthill
5%
Lackawanna Clarks Summit
5%
Greene Clarksville
5%
Delaware Clifton Heights
5%
Delaware Collingdale
5%
Adams | Dauphin | York Conewago
5%
Lehigh Coplay
5%
Allegheny Coraopolis
5%
Allegheny Crafton
5%
York Dillsburg
5%
Pike Dingman
5%
Allegheny Dormont
5%
Perry Duncannon
5%
Chester East Brandywine
5%
Lancaster East Hempfield
5%
Lancaster East Lampeter
5%
Delaware East Lansdowne
5%
Chester East Nantmeal
5%
Chester East Nottingham
5%
Chester East Pikeland
5%
Allegheny East Pittsburgh
5%
Bucks East Rockhill
5%
Chester East Vincent
5%
Erie Elgin
5%
Butler Evans City
5%
Bedford Everett
5%
Centre | Clearfield Ferguson
5%
Mercer Findley
5%
Delaware Folcroft
5%
Luzerne Forty Fort
5%
Delaware Glenolden
5%
Clearfield Graham
5%
Franklin Greencastle
5%
Clearfield | Columbia | Crawford | +2 others Greenwood
5%
Wayne Hawley
5%
Bucks Hulmeville
5%
Westmoreland Hyde Park
5%
Venango | Westmoreland Irwin
5%
Bucks Ivyland
5%
Sullivan Laporte
5%
Cumberland Lemoyne
5%
Chester Lower Oxford
5%
Montgomery Lower Salford
5%
Schuylkill Mechanicsville
5%
Snyder Middleburg
5%
Susquehanna Montrose
5%
Northumberland Mount Carmel
5%
Allegheny Mount Oliver
5%
Union New Berlin
5%
Clearfield | Cumberland Newburg
5%
Cumberland New Cumberland
5%
Chester New Garden
5%
Lancaster New Holland
5%
Chester Newlin
5%
Allegheny North Versailles
5%
Allegheny Oakdale
5%
Beaver Ohioville
5%
Centre Philipsburg
5%
Erie Platea
5%
Chester Pocopson
5%
Northumberland Point
5%
Delaware Prospect Park
5%
Bucks Richlandtown
5%
Schuylkill Schuylkill Haven
5%
Bucks Sellersville
5%
Cumberland Silver Spring
5%
Allegheny South Fayette
5%
Crawford Steuben
5%
Dauphin | Lebanon Swatara
5%
Potter Sweden
5%
Wayne Texas
5%
Lackawanna Throop
5%
Montgomery Trappe
5%
Delaware Upland
5%
Montgomery Upper Salford
5%
Chester Upper Uwchlan
5%
Venango Utica
5%
Allegheny Verona
5%
Allegheny Versailles
5%
Tioga Ward
5%
Erie Wattsburg
5%
Chester West Bradford
5%
Chester West Brandywine
5%
Chester West Caln
5%
Lancaster West Earl
5%
Pike Westfall
5%
Lancaster West Lampeter
5%
Chester West Nottingham
5%
Chester West Pikeland
5%
Montgomery West Pottsgrove
5%
Bucks West Rockhill
5%
Fayette | Potter Wharton
5%
Chester Willistown
5%
Northampton Wind Gap
5%
Bradford | Wyoming Windham
5%
Lycoming Wolf
5%
Butler Zelienople
5%
Lehigh Alburtis
4%
Clinton Allison
4%
Franklin Antrim
4%
Indiana | Mifflin Armagh
4%
Carbon | Indiana Banks
4%
Schuylkill Barry
4%
Washington Blaine
4%
Butler | Clarion | Clearfield | +2 others Brady
4%
Berks | Lancaster Brecknock
4%
Allegheny Brentwood
4%
Allegheny Bridgeville
4%
Lehigh Catasauqua
4%
Indiana Cherryhill
4%
Allegheny Churchill
4%
Clinton Colebrook
4%
Allegheny Collier
4%
Delaware Colwyn
4%
Crawford Conneaut Lake
4%
Fayette Connellsville
4%
Beaver Conway
4%
Cumberland Cooke
4%
Venango Cooperstown
4%
Erie Cranesville
4%
Berks Cumru
4%
Crawford Cussewago
4%
Beaver Darlington
4%
Washington Donora
4%
Lancaster Drumore
4%
Luzerne Dupont
4%
Northampton East Allen
4%
Chester East Coventry
4%
Allegheny East Deer
4%
Lancaster East Donegal
4%
Chester | Crawford East Fallowfield
4%
Montgomery East Greenville
4%
Chester East Marlborough
4%
Cumberland East Pennsboro
4%
Beaver Economy
4%
Delaware Edgmont
4%
Dauphin Elizabethville
4%
Mercer Farrell
4%
Allegheny | York Fawn
4%
Armstrong Ford City
4%
Allegheny Forest Hills
4%
Luzerne | McKean | Schuylkill Foster
4%
Lehigh Fountain Hill
4%
Allegheny Franklin Park
4%
Allegheny Frazer
4%
Armstrong | Greene Freeport
4%
Mercer French Creek
4%
Venango Frenchcreek
4%
Potter Genesee
4%
Adams Germany
4%
Allegheny Glassport
4%
Schuylkill Gordon
4%
McKean Hamlin
4%
Dauphin Highspire
4%
Allegheny Jefferson Hills
4%
Luzerne Jenkins
4%
Clearfield | Lycoming | Northumberland Jordan
4%
Pike Lackawaxen
4%
Clinton Lamar
4%
Lancaster Leacock
4%
Erie LeBoeuf
4%
Chester London Britain
4%
Chester London Grove
4%
Westmoreland Lower Burrell
4%
Montgomery Lower Frederick
4%
Northampton Lower Mount Bethel
4%
Northampton Lower Nazareth
4%
Dauphin Lower Swatara
4%
Lehigh Lowhill
4%
Bedford Mann
4%
Berks Maxatawny
4%
Lycoming McHenry
4%
Franklin Mercersburg
4%
Dauphin Middle Paxton
4%
Perry Millerstown
4%
Allegheny Millvale
4%
Columbia Millville
4%
Beaver Monaca
4%
Lycoming Muncy
4%
Susquehanna New Milford
4%
Allegheny North Braddock
4%
Chester North Coventry
4%
Allegheny North Fayette
4%
Westmoreland North Huntingdon
4%
Lebanon North Lebanon
4%
Fayette | Schuylkill North Union
4%
Berks Oley
4%
Jefferson | Mifflin | Perry Oliver
4%
Huntingdon Oneida
4%
Wayne Oregon
4%
Chester Parkesburg
4%
Delaware Parkside
4%
Schuylkill | Warren Pine Grove
4%
Venango Pinegrove
4%
Allegheny Pitcairn
4%
Luzerne Plains
4%
Monroe Price
4%
Mercer Pymatuning
4%
Lancaster Rapho
4%
Clinton Renovo
4%
Berks Robeson
4%
Montgomery Rockledge
4%
Delaware Rose Valley
4%
Delaware Rutledge
4%
Crawford Saegertown
4%
Montgomery Schwenksville
4%
Allegheny Sewickley Heights
4%
Allegheny Sharpsburg
4%
Mercer Sharpsville
4%
Bucks Silverdale
4%
Lehigh Slatington
4%
McKean Smethport
4%
Chester South Coatesville
4%
Chester South Coventry
4%
Dauphin South Hanover
4%
Lebanon South Lebanon
4%
Lycoming South Williamsport
4%
Allegheny Stowe
4%
Clarion St. Petersburg
4%
Armstrong | Venango Sugarcreek
4%
Mercer | Warren Sugar Grove
4%
Allegheny Tarentum
4%
Allegheny | Westmoreland Trafford
4%
Berks Tulpehocken
4%
Bradford Ulster
4%
Westmoreland Unity
4%
Montgomery Upper Frederick
4%
Montgomery Upper Hanover
4%
Northampton Upper Mount Bethel
4%
Northampton Upper Nazareth
4%
Chester Upper Oxford
4%
Lycoming | Warren Watson
4%
Lackawanna Waverly
4%
Lehigh Weisenberg
4%
Erie Wesleyville
4%
Allegheny West Deer
4%
Lancaster West Donegal
4%
Northampton West Easton
4%
Lancaster West Hempfield
4%
Chester West Marlborough
4%
Mercer West Middlesex
4%
Chester West Nantmeal
4%
Chester West Sadsbury
4%
Chester West Vincent
4%
Allegheny White Oak
4%
Cumberland Wormleysburg
4%
Warren Youngsville
4%
Potter Abbott
3%
Westmoreland Adamsburg
3%
Somerset Addison
3%
Allegheny | Greene Aleppo
3%
Berks Alsace
3%
Armstrong Apollo
3%
Lackawanna Archbald
3%
Luzerne Ashley
3%
Cambria Ashville
3%
Allegheny Aspinwall
3%
Chester Atglen
3%
Beaver Baden
3%
Berks Bally
3%
Juniata Beale
3%
Snyder Beavertown
3%
Fayette Belle Vernon
3%
Allegheny Ben Avon
3%
Allegheny Ben Avon Heights
3%
Dauphin Berrysburg
3%
Clearfield Bigler
3%
Cambria Blacklick
3%
Indiana Black Lick
3%
Lackawanna Blakely
3%
Allegheny Blawnox
3%
Tioga Bloss
3%
Tioga Blossburg
3%
Westmoreland Bolivar
3%
Allegheny Brackenridge
3%
Allegheny Braddock Hills
3%
Schuylkill Branch
3%
Cambria Brownstown
3%
Centre | Clearfield Burnside
3%
Armstrong | Indiana Burrell
3%
Berks | Lancaster Caernarvon
3%
Wayne Canaan
3%
Washington Cecil
3%
Allegheny Chalfant
3%
Clinton | Northampton | Snyder Chapman
3%
Indiana Cherry Tree
3%
Venango Cherrytree
3%
Allegheny Cheswick
3%
Beaver Chippewa
3%
Lancaster Christiana
3%
Warren Clarendon
3%
Lebanon Cleona
3%
Jefferson Clover
3%
Indiana | Tioga Clymer
3%
Bedford | Schuylkill Coaldale
3%
Berks Colebrookdale
3%
Bedford | Lancaster Colerain
3%
Cambria | Indiana | Somerset Conemaugh
3%
Lancaster Conoy
3%
Columbia | Luzerne Conyngham
3%
Monroe Coolbaugh
3%
Allegheny Crescent
3%
Cambria Cresson
3%
Bedford Cumberland Valley
3%
York Dallastown
3%
Lackawanna Dalton
3%
Clearfield | Mifflin Decatur
3%
Westmoreland Delmont
3%
York Delta
3%
Berks District
3%
Union East Buffalo
3%
Lancaster East Cocalico
3%
Lancaster East Drumore
3%
York East Manchester
3%
Allegheny East McKeesport
3%
Lancaster East Petersburg
3%
Schuylkill East Union
3%
Allegheny Edgewood
3%
Luzerne Edwardsville
3%
Cambria Elder
3%
Jefferson | Lycoming | McKean | +3 others Eldred
3%
Erie Elk Creek
3%
Washington Ellsworth
3%
Lackawanna Elmhurst
3%
Chester Elverson
3%
Allegheny Etna
3%
Westmoreland Export
3%
Susquehanna Forest City
3%
Allegheny | Butler Forward
3%
Luzerne Freeland
3%
Northampton Freemansburg
3%
Tioga Gaines
3%
Potter Galeton
3%
Somerset Garrett
3%
Fayette Georges
3%
Dauphin Gratz
3%
Montgomery Green Lane
3%
Allegheny Green Tree
3%
Centre Haines
3%
Allegheny Harmar
3%
Cambria Hastings
3%
Crawford Hayfield
3%
York Hellam
3%
Forest | Lawrence Hickory
3%
Indiana Homer City
3%
Beaver Industry
3%
Allegheny Ingram
3%
Somerset Jenner
3%
Lackawanna | Susquehanna Jessup
3%
Elk Johnsonburg
3%
Union Kelly
3%
Carbon Lansford
3%
Carbon Lausanne
3%
Allegheny Leet
3%
Wyoming Lemon
3%
Cambria Lilly
3%
Clarion | Lycoming | Montour | +2 others Limestone
3%
Crawford Linesville
3%
Bradford Litchfield
3%
Lancaster Little Britain
3%
Adams Littlestown
3%
Berks Longswamp
3%
Cambria Loretto
3%
Berks Lower Alsace
3%
Berks Lower Heidelberg
3%
Lycoming Loyalsock
3%
Cameron Lumber
3%
Dauphin Lykens
3%
Berks Lyons
3%
Schuylkill Mahanoy
3%
Berks Maidencreek
3%
Lancaster Martic
3%
Schuylkill McAdoo
3%
Tioga Middlebury
3%
Monroe Middle Smithfield
3%
Centre Miles
3%
Delaware Millbourne
3%
Erie Mill Village
3%
Venango Mineral
3%
Schuylkill Minersville
3%
Chester Modena
3%
Lebanon Mount Gretna
3%
Berks Mount Penn
3%
Lebanon Myerstown
3%
Carbon Nesquehoning
3%
Allegheny Neville
3%
York Newberry
3%
York New Freedom
3%
Adams New Oxford
3%
Cumberland Newville
3%
Fayette | Wyoming Nicholson
3%
Lackawanna North Abington
3%
Lebanon North Annville
3%
Washington North Bethlehem
3%
Lebanon North Cornwall
3%
Cambria Northern Cambria
3%
Berks North Heidelberg
3%
Washington North Strabane
3%
Schuylkill Norwegian
3%
Allegheny O'Hara
3%
Lackawanna Olyphant
3%
Berks Ontelaunee
3%
Tioga Osceola
3%
Cambria | Centre Patton
3%
Dauphin Paxtang
3%
Dauphin Penbrook
3%
Carbon Penn Forest
3%
Lancaster Pequea
3%
Fayette Perryopolis
3%
Dauphin Pillow
3%
Bedford | Venango Pleasantville
3%
Centre Port Matilda
3%
Allegheny Port Vue
3%
Lancaster Quarryville
3%
Beaver Raccoon
3%
Montgomery Red Hill
3%
Luzerne Rice
3%
Huntingdon Rockhill
3%
Dauphin Royalton
3%
Schuylkill Ryan
3%
Perry Rye
3%
Indiana Saltsburg
3%
Mercer Sandy Lake
3%
Westmoreland Seward
3%
Allegheny Sewickley Hills
3%
Snyder Shamokin Dam
3%
Lawrence | Mercer Shenango
3%
Berks Sinking Spring
3%
Centre Snow Shoe
3%
Lackawanna South Abington
3%
Lebanon South Annville
3%
Armstrong South Bethlehem
3%
Westmoreland South Greensburg
3%
Berks South Heidelberg
3%
Westmoreland South Huntingdon
3%
Washington South Strabane
3%
Westmoreland Southwest Greensburg
3%
York Spring Grove
3%
Susquehanna Springville
3%
Wayne Sterling
3%
Jefferson Summerville
3%
Bradford | Potter Sylvania
3%
Warren Tidioute
3%
Montgomery Towamencin
3%
Crawford Townville
3%
Schuylkill Tremont
3%
Bucks Trumbauersville
3%
Allegheny Turtle Creek
3%
Potter Ulysses
3%
Westmoreland Upper Burrell
3%
Lancaster Upper Leacock
3%
Berks Upper Tulpehocken
3%
Westmoreland Vandergrift
3%
Northampton Walnutport
3%
Carbon Weatherly
3%
Lancaster West Cocalico
3%
Chester | Crawford West Fallowfield
3%
Chester West Grove
3%
Allegheny West Homestead
3%
Lebanon West Lebanon
3%
York West Manchester
3%
Crawford West Mead
3%
Cambria Westmont
3%
Cumberland West Pennsboro
3%
Allegheny West View
3%
Mercer Wheatland
3%
Luzerne White Haven
3%
Allegheny Wilmerding
3%
Somerset Windber
3%
Clearfield | Clinton | Lycoming Woodward
3%
Armstrong Worthington
3%
York Wrightsville
3%
Westmoreland Youngwood
3%
Adams Abbottstown
2%
Washington Amwell
2%
Lycoming | Montour Anthony
2%
Luzerne Avoca
2%
Fulton Ayr
2%
Forest | Jefferson Barnett
2%
Luzerne Bear Creek
2%
Clinton Beech Creek
2%
Allegheny Bell Acres
2%
Blair Bellwood
2%
Elk Benezette
2%
Berks Bernville
2%
Wayne Bethany
2%
Adams Biglerville
2%
Pike Blooming Grove
2%
Armstrong | Centre | Clearfield Boggs
2%
Adams Bonneauville
2%
Allegheny Bradford Woods
2%
Jefferson Brockway
2%
Columbia Catawissa
2%
York Chanceford
2%
Washington Chartiers
2%
Warren Cherry Grove
2%
Lackawanna Clarks Green
2%
Venango Clintonville
2%
Clearfield Coalport
2%
Crawford Cochranton
2%
York Codorus
2%
Lycoming Cogan House
2%
Lebanon Cold Spring
2%
Crawford Conneautville
2%
Indiana Creekside
2%
Huntingdon Cromwell
2%
Clearfield Curwensville
2%
Fayette Dawson
2%
Schuylkill Delano
2%
Tioga Delmar
2%
Susquehanna Dimock
2%
Allegheny Dravosburg
2%
Cameron Driftwood
2%
Fayette Dunbar
2%
Blair Duncansville
2%
Luzerne Duryea
2%
Sullivan Dushore
2%
Sullivan Eagles Mere
2%
Northampton East Bangor
2%
Adams East Berlin
2%
Washington East Bethlehem
2%
Clarion East Brady
2%
Schuylkill East Brunswick
2%
Armstrong East Franklin
2%
Westmoreland East Huntingdon
2%
Clinton East Keating
2%
Indiana East Mahoning
2%
Crawford East Mead
2%
Schuylkill East Norwegian
2%
Beaver East Rochester
2%
Beaver Eastvale
2%
Westmoreland East Vandergrift
2%
Allegheny Edgeworth
2%
Sullivan | Tioga Elkland
2%
Clarion | Venango Emlenton
2%
Allegheny Emsworth
2%
Wyoming Factoryville
2%
Luzerne Fairmount
2%
Washington Fallowfield
2%
Beaver Fallston
2%
Franklin Fannett
2%
Cambria Ferndale
2%
Berks Fleetwood
2%
York Franklintown
2%
Blair Frankstown
2%
Mercer Fredonia
2%
Northampton Glendon
2%
Allegheny Glenfield
2%
Allegheny Glen Osborne
2%
York Glen Rock
2%
York Goldsboro
2%
Bradford | Mifflin Granville
2%
Susquehanna Great Bend
2%
Centre | Union Gregg
2%
Franklin Guilford
2%
Centre Halfmoon
2%
York Hallam
2%
Susquehanna Hallstead
2%
Susquehanna Harford
2%
Union Hartley
2%
Luzerne Harveys Lake
2%
Jefferson Heath
2%
Potter Hebron
2%
Columbia Hemlock
2%
Beaver Homewood
2%
Beaver Hookstown
2%
Elk Horton
2%
Westmoreland Hunker
2%
Blair | Centre | Clearfield Huston
2%
Somerset Jennerstown
2%
Lackawanna Jermyn
2%
Clearfield Karthaus
2%
McKean | Potter Keating
2%
Carbon Kidder
2%
Allegheny Kilbuck
2%
Forest Kingsley
2%
Beaver Koppel
2%
Susquehanna Lanesboro
2%
Lackawanna La Plume
2%
Westmoreland Laurel Mountain
2%
Armstrong Leechburg
2%
Berks Leesport
2%
Allegheny Leetsdale
2%
Luzerne | Pike Lehman
2%
Clinton Leidy
2%
Susquehanna Lenox
2%
York Lewisberry
2%
York Loganville
2%
York Lower Chanceford
2%
Cumberland Lower Frankford
2%
Westmoreland Loyalhanna
2%
Schuylkill Mahanoy City
2%
Huntingdon Mapleton
2%
Indiana Marion Center
2%
Adams McSherrystown
2%
Wyoming Mehoopany
2%
Wyoming Meshoppen
2%
Franklin Metal
2%
Somerset Meyersdale
2%
Clinton Mill Hall
2%
Elk Millstone
2%
Berks Mohnton
2%
Cumberland Mount Holly Springs
2%
Lancaster Mountville
2%
York Mount Wolf
2%
Cambria Munster
2%
Cambria Nanty-Glo
2%
Luzerne Nescopeck
2%
Lawrence Neshannock
2%
Westmoreland New Alexandria
2%
Somerset New Baltimore
2%
Clarion New Bethlehem
2%
Washington New Eagle
2%
Westmoreland New Florence
2%
Beaver New Galilee
2%
Berks New Morgan
2%
Bedford New Paris
2%
Schuylkill New Philadelphia
2%
York New Salem
2%
Beaver New Sewickley
2%
Northampton North Catasauqua
2%
Washington North Franklin
2%
Westmoreland North Irwin
2%
Indiana North Mahoning
2%
Schuylkill North Manheim
2%
Cumberland North Middleton
2%
Wyoming Northmoreland
2%
Cumberland North Newton
2%
Beaver North Sewickley
2%
Luzerne Nuangola
2%
Somerset Ogle
2%
Crawford | Venango Oil Creek
2%
Westmoreland Oklahoma
2%
Carbon Packer
2%
Clarion | Somerset Paint
2%
Beaver Patterson Heights
2%
York Peach Bottom
2%
Allegheny Pennsbury Village
2%
Clinton | Jefferson Pine Creek
2%
Allegheny Pleasant Hills
2%
Indiana Plumville
2%
McKean Port Allegany
2%
Schuylkill Port Carbon
2%
Schuylkill Port Clinton
2%
York Railroad
2%
Allegheny Rankin
2%
Lackawanna Ransom
2%
Armstrong | Clarion Redbank
2%
Allegheny Reserve
2%
Jefferson Ringgold
2%
Lackawanna Roaring Brook
2%
Blair Roaring Spring
2%
Berks Robesonia
2%
Crawford Rockdale
2%
Northampton Roseto
2%
Allegheny Rosslyn Farms
2%
Westmoreland Rostraver
2%
Berks Ruscombmanor
2%
Mercer Sheakleyville
2%
Indiana Shelocta
2%
Luzerne Shickshinny
2%
Berks Shillington
2%
Clarion Shippenville
2%
Beaver Shippingport
2%
Cumberland Shiremanstown
2%
Huntingdon Shirley
2%
Berks Shoemakersville
2%
Pike Shohola
2%
Indiana Smicksburg
2%
Westmoreland Smithton
2%
Lawrence S.N.P.J.
2%
Beaver South Beaver
2%
Washington South Franklin
2%
Indiana South Mahoning
2%
Schuylkill South Manheim
2%
Cumberland South Middleton
2%
Cumberland South Newton
2%
Fayette South Union
2%
Allegheny South Versailles
2%
Bradford South Waverly
2%
Crawford Springboro
2%
York Springettsbury
2%
York Spring Garden
2%
Fayette | Greene Springhill
2%
Wayne Starrucca
2%
York Stewartstown
2%
Columbia Stillwater
2%
Berks St. Lawrence
2%
Northampton Stockertown
2%
Adams Straban
2%
Franklin St. Thomas
2%
Huntingdon Tell
2%
Allegheny Thornburg
2%
Berks Tilden
2%
Fulton | Huntingdon Todd
2%
Berks Topton
2%
Carbon Towamensing
2%
Schuylkill Tower City
2%
Bradford | Juniata | Perry Tuscarora
2%
Susquehanna Union Dale
2%
Berks Upper Bern
2%
Cumberland Upper Frankford
2%
Fulton Valley-Hi
2%
Beaver Vanport
2%
Venango Victory
2%
Montour Washingtonville
2%
Wayne Waymart
2%
York Wellsville
2%
Berks Wernersville
2%
Lackawanna West Abington
2%
Washington West Bethlehem
2%
Schuylkill West Brunswick
2%
Union West Buffalo
2%
Lebanon West Cornwall
2%
Luzerne West Hazleton
2%
Clinton West Keating
2%
Westmoreland West Leechburg
2%
Indiana West Mahoning
2%
York West Manheim
2%
Beaver West Mayfield
2%
Westmoreland West Newton
2%
Luzerne West Pittston
2%
Luzerne West Wyoming
2%
Allegheny Whitaker
2%
Dauphin Wiconisco
2%
Butler Winfield
2%
Jefferson Winslow
2%
Berks Womelsdorf
2%
Bradford Wyalusing
2%
Bradford Wysox
2%
York Yoe
2%
York York Haven
2%
Adams York Springs
2%
Washington Allenport
1%
McKean Annin
1%
Blair Antis
1%
Susquehanna Apolacon
1%
Armstrong Applewold
1%
Susquehanna Ararat
1%
Adams Arendtsville
1%
Bradford Armenia
1%
Westmoreland Arona
1%
Bradford Asylum
1%
Armstrong Atwood
1%
Clinton Avis
1%
Westmoreland Avonmore
1%
Venango Barkeyville
1%
Huntingdon Barree
1%
Monroe Barrett
1%
Washington Beallsville
1%
Luzerne Bear Creek Village
1%
Warren Bear Lake
1%
Carbon Beaver Meadows
1%
Clearfield Beccaria
1%
Berks Bechtelsville
1%
Adams Bendersville
1%
Centre Benner
1%
Washington Bentleyville
1%
Lawrence Bessemer
1%
Jefferson Big Run
1%
Luzerne Black Creek
1%
Schuylkill Blythe
1%
Somerset Boswell
1%
Carbon Bowmanstown
1%
Armstrong Bradys Bend
1%
Mifflin Bratton
1%
Columbia Briar Creek
1%
Clearfield Brisbin
1%
Bedford Broad Top
1%
Warren Brokenstraw
1%
Somerset Brothersvalley
1%
Fulton Brush Creek
1%
Indiana Brush Valley
1%
Indiana Buffington
1%
Washington Burgettstown
1%
Armstrong Cadogan
1%
Venango Canal
1%
Indiana Canoe
1%
Cambria Carrolltown
1%
Adams Carroll Valley
1%
Lycoming Cascade
1%
Huntingdon Cassville
1%
Clinton Castanea
1%
Blair Catharine
1%
Berks Centerport
1%
Centre Centre Hall
1%
McKean Ceres
1%
Wayne Cherry Ridge
1%
Butler Cherry Valley
1%
Clearfield Chester Hill
1%
Susquehanna Choconut
1%
Potter Clara
1%
Washington Claysville
1%
Susquehanna Clifford
1%
Washington Coal Center
1%
Huntingdon Coalmont
1%
Washington Cokeburg
1%
Sullivan Colley
1%
Warren Conewango
1%
Butler Connoquenessing
1%
Venango Cornplanter
1%
Jefferson Corsica
1%
McKean Corydon
1%
Luzerne Courtdale
1%
Armstrong Cowanshannock
1%
Schuylkill Cressona
1%
Washington Cross Creek
1%
Lycoming Cummings
1%
Centre Curtin
1%
Beaver Daugherty
1%
Washington Deemston
1%
Mercer Deer Creek
1%
Schuylkill Deer Lake
1%
Luzerne Dennison
1%
Luzerne Dorrance
1%
Wayne Dreher
1%
Huntingdon Dudley
1%
Greene Dunkard
1%
Washington Dunlevy
1%
Clinton Dunnstable
1%
Butler East Butler
1%
Northumberland East Cameron
1%
Cambria East Carroll
1%
Northumberland East Chillisquaque
1%
Cambria East Conemaugh
1%
Crawford East Fairfield
1%
Washington East Finley
1%
York East Hopewell
1%
Mercer East Lackawannock
1%
Bedford East Providence
1%
Carbon East Side
1%
Bedford East St. Clair
1%
Washington East Washington
1%
Indiana East Wheatfield
1%
Butler Eau Claire
1%
Washington Elco
1%
Armstrong Elderton
1%
Somerset Elk Lick
1%
Lawrence Enon Valley
1%
Indiana Ernest
1%
Potter Eulalia
1%
Somerset Fairhope
1%
Clearfield | Jefferson Falls Creek
1%
York Fawn Grove
1%
Fayette Fayette City
1%
Lackawanna Fell
1%
York Felton
1%
Juniata Fermanagh
1%
Washington Finleyville
1%
Columbia Fishing Creek
1%
Clinton Flemington
1%
Armstrong Ford Cliff
1%
Susquehanna Forest Lake
1%
Wyoming Forkston
1%
Sullivan Forksville
1%
Clarion Foxburg
1%
Schuylkill Frailey
1%
Beaver Frankfort Springs
1%
Warren Freehold
1%
Susquehanna Friendsville
1%
Clinton Gallagher
1%
Cambria Gallitzin
1%
Lycoming Gamble
1%
Jefferson Gaskill
1%
Cambria Geistown
1%
Schuylkill Gilberton
1%
Greene Gilmore
1%
Armstrong Gilpin
1%
Warren Glade
1%
Lackawanna Glenburn
1%
Clearfield Grampian
1%
Washington Green Hills
1%
Clinton Grugan
1%
Clearfield Gulich
1%
Adams Hamiltonban
1%
Butler Harrisville
1%
Union Hartleton
1%
Clarion Hawthorn
1%
Allegheny Haysville
1%
Potter Hector
1%
Schuylkill Hegins
1%
Bradford | Susquehanna Herrick
1%
Luzerne Hollenback
1%
Susquehanna Hop Bottom
1%
Clearfield Houtzdale
1%
Armstrong Hovey
1%
Schuylkill Hubley
1%
Luzerne Hughestown
1%
Luzerne Hunlock
1%
Bedford Hyndman
1%
Somerset Indian Lake
1%
Clearfield Irvona
1%
York Jacobus
1%
Luzerne Jeddo
1%
Forest Jenks
1%
Butler Karns City
1%
Berks Kenhorst
1%
Bedford Kimmel
1%
Armstrong Kiskiminetas
1%
Schuylkill Kline
1%
Northumberland Kulpmont
1%
Mercer Lackawannock
1%
Luzerne Laflin
1%
Somerset Larimer
1%
Luzerne Larksville
1%
Adams Latimore
1%
Berks Laureldale
1%
Luzerne Laurel Run
1%
Berks Lenhartsville
1%
Bradford LeRaysville
1%
Bradford Leroy
1%
Franklin Letterkenny
1%
McKean Lewis Run
1%
Clarion Licking
1%
Susquehanna Little Meadows
1%
Columbia Locust
1%
Clinton Loganton
1%
Washington Long Branch
1%
Cambria Lorain
1%
Northumberland Lower Augusta
1%
Northumberland Lower Mahanoy
1%
Cumberland Lower Mifflin
1%
Carbon Lower Towamensing
1%
Somerset Lower Turkeyfoot
1%
York Lower Windsor
1%
Cambria Lower Yoder
1%
Franklin Lurgan
1%
Clearfield Mahaffey
1%
Armstrong Manorville
1%
Washington Marianna
1%
Fayette Masontown
1%
Montour Mayberry
1%
Jefferson McCalmont
1%
Snyder McClure
1%
Lycoming McIntyre
1%
Lycoming McNett
1%
Mifflin McVeytown
1%
Adams | Fayette Menallen
1%
Mifflin Menno
1%
Schuylkill Middleport
1%
Cambria Middle Taylor
1%
Washington Midway
1%
Centre Milesburg
1%
Centre Millheim
1%
York Monaghan
1%
Franklin Mont Alto
1%
Schuylkill Mount Carbon
1%
McKean Mount Jewett
1%
Huntingdon Mount Union
1%
Butler Muddy Creek
1%
Lycoming Muncy Creek
1%
Bedford Napier
1%
Bradford New Albany
1%
Lawrence New Beaver
1%
Perry New Buffalo
1%
Luzerne New Columbus
1%
Fayette Newell
1%
Mercer New Lebanon
1%
Schuylkill New Ringgold
1%
Blair Newry
1%
Mercer New Vernon
1%
Clearfield New Washington
1%
Lawrence New Wilmington
1%
Armstrong North Apollo
1%
Lawrence North Beaver
1%
Westmoreland North Belle Vernon
1%
Wyoming North Branch
1%
Armstrong North Buffalo
1%
Columbia North Centre
1%
Washington North Charleroi
1%
York North Codorus
1%
York North Hopewell
1%
Lebanon North Londonderry
1%
Crawford North Shenango
1%
Bradford North Towanda
1%
Blair North Woodbury
1%
Wyoming Noxen
1%
Clinton Noyes
1%
Lycoming Old Lycoming
1%
Columbia Orangeville
1%
Huntingdon Orbisonia
1%
Franklin Orrstown
1%
Bradford Orwell
1%
Schuylkill Orwigsburg
1%
Clearfield Osceola Mills
1%
Potter Oswayo
1%
McKean Otto
1%
Wyoming Overfield
1%
Bradford Overton
1%
Schuylkill Palo Alto
1%
Wayne Paupack
1%
Bedford Pavia
1%
Luzerne Penn Lake Park
1%
Butler Petrolia
1%
Clarion Piney
1%
Armstrong Plumcreek
1%
Lycoming Plunketts Creek
1%
Juniata Port Royal
1%
Venango President
1%
Luzerne Pringle
1%
Northumberland Ralpho
1%
Indiana Rayne
1%
Cambria Reade
1%
Schuylkill Reilly
1%
Jefferson Reynoldsville
1%
Clarion Rimersburg
1%
Schuylkill Ringtown
1%
Columbia Roaring Creek
1%
Northumberland Rockefeller
1%
Somerset Rockwood
1%
Washington Roscoe
1%
Tioga Roseville
1%
Potter Roulette
1%
Armstrong Rural Valley
1%
Lycoming Salladasburg
1%
Mercer Sandy Creek
1%
Venango Sandycreek
1%
Butler Saxonburg
1%
Bedford Saxton
1%
Cambria Scalp Level
1%
Bedford Schellsburg
1%
Westmoreland Scottdale
1%
Venango Scrubgrass
1%
Fayette | Somerset Seven Springs
1%
York Seven Valleys
1%
Somerset Shade
1%
Potter Shinglehouse
1%
Clarion Sligo
1%
Luzerne Slocum
1%
Northumberland Snydertown
1%
Armstrong South Bend
1%
Armstrong South Buffalo
1%
Wayne South Canaan
1%
Columbia South Centre
1%
Cambria South Fork
1%
Beaver South Heights
1%
Lebanon South Londonderry
1%
Cambria Southmont
1%
Mercer South Pymatuning
1%
Clinton South Renovo
1%
Crawford South Shenango
1%
Bedford South Woodbury
1%
Crawford Spartansburg
1%
Lackawanna Spring Brook
1%
Elk | Warren Spring Creek
1%
Bedford St. Clairsville
1%
Washington Stockdale
1%
Cambria | Somerset Stonycreek
1%
Columbia | Luzerne Sugarloaf
1%
Luzerne Sugar Notch
1%
Cambria | Crawford Summerhill
1%
Carbon Summit Hill
1%
Susquehanna Susquehanna Depot
1%
Westmoreland Sutersville
1%
Luzerne Swoyersville
1%
Jefferson Sykesville
1%
Northampton Tatamy
1%
Lancaster Terre Hill
1%
Bradford Terry
1%
Lackawanna Thornhurst
1%
Jefferson Timblin
1%
Perry Toboyne
1%
Clearfield Troutville
1%
Blair | Cambria Tunnelhill
1%
Juniata Turbett
1%
Northumberland Turbot
1%
Washington Twilight
1%
Northumberland Upper Augusta
1%
Schuylkill Upper Mahantongo
1%
Cumberland Upper Mifflin
1%
Cambria Upper Yoder
1%
Butler Valencia
1%
Fayette Vanderbilt
1%
Lackawanna Vandling
1%
Cambria Vintondale
1%
Lawrence Wampum
1%
Luzerne Warrior Run
1%
Huntingdon Warriors Mark
1%
Northumberland Watsontown
1%
Carbon Weissport
1%
Snyder West Beaver
1%
Potter West Branch
1%
Washington West Brownsville
1%
Cambria West Carroll
1%
Allegheny West Elizabeth
1%
Washington West Finley
1%
Armstrong West Franklin
1%
Armstrong West Kittanning
1%
Schuylkill West Mahanoy
1%
Washington West Middletown
1%
Clearfield Westover
1%
Snyder West Perry
1%
Washington West Pike Run
1%
Bedford West Providence
1%
Crawford West Shenango
1%
Bedford West St. Clair
1%
Indiana West Wheatfield
1%
McKean Wetmore
1%
Perry Wheatfield
1%
Union White Deer
1%
Greene Whiteley
1%
Bradford Wilmot
1%
York Winterstown
1%
Crawford Woodcock
1%
Jefferson Worthville
1%
Luzerne Yatesville
1%
Lycoming Bastress
0%
Crawford Blooming Valley
0%
Wyoming Braintrim
0%
Huntingdon Broad Top City
0%
Butler Bruin
0%
Fayette Bullskin
0%
Mifflin Burnham
0%
Clarion Callensburg
0%
Butler Callery
0%
Somerset Callimont
0%
Greene Carmichaels
0%
Cambria Cassandra
0%
Somerset Casselman
0%
Cambria Chest Springs
0%
Butler Chicora
0%
Somerset Confluence
0%
Mercer Coolspring
0%
York Cross Roads
0%
Cambria Croyle
0%
Cambria Daisytown
0%
Lycoming Duboistown
0%
Wayne Dyberry
0%
York East Prospect
0%
Cambria East Taylor
0%
Cambria Ehrenfeld
0%
Lawrence Ellport
0%
Fayette Everson
0%
Fayette Fairchance
0%
Snyder Freeburg
0%
Schuylkill Girardville
0%
Clearfield Glen Hope
0%
Lycoming Hepburn
0%
Northumberland Herndon
0%
Sullivan Hillsgrove
0%
Somerset Hooversville
0%
Lycoming Hughesville
0%
Crawford Hydetown
0%
Mercer Jackson Center
0%
Mifflin Juniata Terrace
0%
Mifflin Kistler
0%
Wyoming Laceyville
0%
Schuylkill Landingville
0%
Perry Landisburg
0%
Susquehanna Lathrop
0%
Fulton Licking Creek
0%
Lawrence Little Beaver
0%
Northumberland Little Mahanoy
0%
Fayette Lower Tyrone
0%
Bedford Manns Choice
0%
Northumberland Marion Heights
0%
Huntingdon Marklesburg
0%
Fayette Markleysburg
0%
Northumberland McEwensville
0%
Snyder | Somerset Middlecreek
0%
Somerset New Centerville
0%
Mifflin Newton Hamilton
0%
Lycoming Nippenose
0%
Perry Northeast Madison
0%
Mercer Otter Creek
0%
Carbon Parryville
0%
Lycoming Piatt
0%
Lycoming Picture Rocks
0%
Lawrence Plain Grove
0%
Potter Pleasant Valley
0%
Fayette Point Marion
0%
Butler Portersville
0%
Wayne Prompton
0%
Somerset Quemahoning
0%
Bedford Rainsburg
0%
Clearfield Ramey
0%
Armstrong Rayburn
0%
Fayette Redstone
0%
Greene Rices Landing
0%
Bradford Ridgebury
0%
Venango Rouseville
0%
Huntingdon Saltillo
0%
Fayette Saltlick
0%
Cambria Sankertown
0%
Perry Saville
0%
McKean Sergeant
0%
Butler Seven Fields
0%
Huntingdon Shade Gap
0%
Bradford Sheshequin
0%
Huntingdon Shirleysburg
0%
Susquehanna Silver Lake
0%
Bedford Snake Spring
0%
Fayette South Connellsville
0%
Bradford South Creek
0%
Lawrence South New Castle
0%
Perry Southwest Madison
0%
Washington Speers
0%
Huntingdon Spruce Creek
0%
Juniata Spruce Hill
0%
Bradford Standing Stone
0%
Potter Stewardson
0%
Mercer Stoneboro
0%
Somerset Stoystown
0%
Clarion Strattanville
0%
Juniata Thompsontown
0%
Huntingdon Three Springs
0%
Warren Triumph
0%
Northumberland Turbotville
0%
Lycoming Upper Fairfield
0%
Northumberland Upper Mahanoy
0%
Somerset Upper Turkeyfoot
0%
Fayette Upper Tyrone
0%
Somerset Ursina
0%
Lawrence Volant
0%
Clearfield Wallaceton
0%
Somerset Wellersburg
0%
Bradford West Burlington
0%
Northumberland West Cameron
0%
Northumberland West Chillisquaque
0%
Montour West Hemlock
0%
Butler West Liberty
0%
Mercer West Salem
0%
Butler West Sunbury
0%
Cambria West Taylor
0%
Cambria Wilmore
0%
Mercer Wolf Creek
0%
York Yorkana
0%
Northumberland Zerbe
0%
No matching quizzes found
Score Distribution
Percent of People with Each Score
Percentile by Number Answered
Your Score History
You have not taken this quiz